000 00505nam a2200193Ia 4500
005 20250923145152.0
008 008 250917s9999 xx 000 0 eng d
037 _aTextual
040 _aDSWL
_beng
_cDSWL
041 _aeng
_2eng
084 _qDSWL
100 _aDube, Leela
_9832473
245 0 _aMatriliny and Islam
_cby Leela Dube
260 _aDelhi
_bNational Publi. House, -6
_c1969
365 _aINR
_b15.00
925 _g15.00
942 _cTEXL
999 _c1447995
_d1447995